Les films dans lesquels Ben Stiller a joué - Statistiques

Statistiques générales
  • Ce quiz a été pris 3 fois
  • Le résultat moyen est 6 sur 66
Statistiques - réponses
Année de sortie Film % Correct
2006 La Nuit au musée
100%
2009 La Nuit au musée 2
100%
1998 Mary à tout prix
100%
2014 La Nuit au musée: Le Secret des Pharaons
67%
2000 Mon beau-père et moi
67%
2004 Mon beau-père, mes parents et moi
33%
2004 Starsky et Hutch
33%
2001 Zoolander
33%
2016 Zoolander 2
33%
1987 A la poursuite de Lori
0%
2000 Au nom d'Anna
0%
1999 Black and White
0%
1988 Comme un cheval fou
0%
1997 Crazy Town
0%
2006 Danny Roane: First Time Director
0%
2024 Dear Santa
0%
1996 Disjoncté
0%
2004 Dodgeball! Même pas mal!
0%
2016 Don't Think Twice
0%
1987 Empire du soleil
0%
1998 Entre amis et voisins
0%
2004 Envy
0%
1996 Flirter avec les embrouilles
0%
2025 Focker In-Law
0%
1994 Génération 90
0%
2010 Greenberg
0%
1996 Happy Gilmore
0%
2025 Happy Gilmore 2
0%
2020 Hubie Halloween
0%
1995 La Colo des gourmands
0%
2001 La Famille Tenenbaum
0%
1996 La Fille d'en face
0%
1998 La Méthode zéro
0%
1991 L'Autoroute de l'enfer
0%
2017 La Vie, ma vie
0%
2013 La Vie rêvée de Walter Mitty
0%
2011 Le Casse de Central Park
0%
2006 L'Ecole des dragueurs
0%
2007 Les Femmes de ses rêves
0%
2008 Les Ruines
0%
2021 Locked Down
0%
2010 Mon beau-père et nous
0%
1999 Mystery Men
0%
2003 Nobody Knows Anything
0%
2024 Nutcrackers
0%
2002 Orange County
0%
2003 Pauly Shore est mort
0%
1998 Permanent Midnight
0%
2004 Polly et moi
0%
2004 Présentateur vedette: La légende de Ron Burgundy
0%
2005 Sledge: The Untold Story
0%
1990 Stella
0%
2006 Tenacious D et le Médiator du destin
0%
1989 That's Adequate
0%
2000 The Independent
0%
2009 The Marc Pease Experience
0%
2017 The Meyerowitz Stories
0%
1992 The Nutt House
0%
1999 The Suburbans
0%
2010 The Trip
0%
2008 Tonnerre sous les tropiques
0%
2003 Un duplex pour trois
0%
1989 Un flic à Chicago
0%
2012 Voisins du troisième type
0%
2004 What's the Name of That Song
0%
2014 While We're Young
0%
Aucun quiz correspondant
Distribution des résultats
% des personnes avec chaque résultat
Percentile par nombre de réponses
Votre historique - résultats
Vous n’avez pas pris ce quiz